Türkiye Şehirleri - Scramble - Statistics

General Stats
  • This quiz has been taken 4 551 times
  • The average score is 16 of 20
Answer Stats
Şehir % Correct
Sivas
93%
Ağrı
92%
Çorum
92%
Kahramanmaraş
92%
Muş
92%
Van
92%
Kars
91%
Muğla
91%
Rize
91%
Bolu
90%
Hatay
90%
İzmir
90%
Konya
90%
Yozgat
90%
Adana
89%
Amasya
89%
Elazığ
89%
Uşak
89%
Bitlis
88%
Düzce
88%
Iğdır
88%
Malatya
88%
Niğde
88%
Siirt
88%
Sinop
88%
Yalova
88%
Afyonkarahisar
87%
Ankara
87%
Burdur
87%
Bursa
87%
Kilis
87%
Kırıkkale
87%
Ordu
87%
Samsun
87%
Tokat
87%
Antalya
86%
Aydın
86%
Bingöl
86%
Kütahya
86%
Şanlıurfa
86%
Adıyaman
85%
Bartın
85%
Çanakkale
85%
Çankırı
85%
Eskişehir
85%
Karabük
85%
Ardahan
84%
Kırşehir
84%
Edirne
83%
Şırnak
83%
Batman
82%
Gümüşhane
82%
Kırklareli
82%
Artvin
81%
Bayburt
81%
Bilecik
81%
Denizli
81%
Gaziantep
81%
Manisa
81%
Nevşehir
81%
Erzurum
80%
Mardin
80%
Karaman
79%
Mersin
79%
Hakkari
78%
Trabzon
78%
Zonguldak
78%
Diyarbakır
77%
Giresun
76%
İstanbul
75%
Kocaeli
75%
Kastamonu
74%
Tunceli
74%
Aksaray/Sakarya
73%
Erzincan
73%
Kayseri
73%
Tekirdağ
71%
Balıkesir
69%
Isparta
67%
Osmaniye
54%
No matching quizzes found
Score Distribution
Percent of People with Each Score
Percentile by Number Answered
Your Score History
You have not taken this quiz